00875 2200229 4500001002100000005001500021035002000036007000300056008004100059020002200100082001000122084001600132100001700148245006800165250002600233260003100259300005300290650000800343700001700351520026100368990001600629INLIS00000000000011420220616085313 a0010-0622000035ta220616 b 0 ind  a978-602-434-117-6 a372.3 a372.3 IRE i0 aIrene M.J.A.1 aIlmu Pengetahuan Alam 6 :buntuk SD/MI Kelas VI /cIrene M.J.A. aKurikulum 2013 Revisi aJakarta :bErlangga,c2019 a241 halaman :bilustrasi tidak berwarna ;c26 cm 4aIPA0 aEka Widayati aBuku Pendamping Tematik Terpadu ini berfungsi sebagai pemantapan materi bagi siswa dalam proses pembelajaran tematik. Buku ini terdiri dari: Materi Inti, Latihan Soal, Penilaian Harian, Keterampilan, dan Penilaian Akhir Semester dan Penilaian Akhir Tahun. a00000000174